Μελέτη και υλοποίηση συστήματος ραδιοεκπομπών από κεραίες κινητής τηλεφωνίας : πτυχιακή εργασία

Σκοπός της παρούσας διπλωματικής είναι η Μελέτη και Υλοποίηση Συστήματος Ραδιοεκπομπών από Κεραίες Κινητής Τηλεφωνίας σύμφωνα με την Μελέτη της ΕΕΑΕ: Υπόδειγμα τεχνικής μελέτης ραδιοεκπομπών κεραιών σταθμών βάσης κινητής τηλεφωνίας. Η διπλωματική αποτελείται συνολικά από 6 Κεφάλαια.Στο 1ο κεφάλαιο π...

Full description

Saved in:
Bibliographic Details
Main Author: Σκούρας, Θεόδωρος
Corporate Author: Πανεπιστήμιο Αιγαίου. Σχολή Θετικών Επιστημών. Τμήμα Μηχανικών Πληροφοριακών και Επικοινωνιακών Συστημάτων
Format: Thesis Book
Language:Greek
Published: 2014.
Subjects:
Online Access:http://hdl.handle.net/11610/8779
Tags: Add Tag
No Tags, Be the first to tag this record!

MARC

LEADER 00000cam a2200000 i 4500
001 1/49619
008 140619s2014 gr | ||| |||| ||gre||
035 |l 10118024 
040 |a GR-MyUA  |b gre  |e AACR2 
041 0 |a gre 
082 0 |a 621.3824  |2 (22) 
100 1 |a Σκούρας, Θεόδωρος. 
245 1 0 |a Μελέτη και υλοποίηση συστήματος ραδιοεκπομπών από κεραίες κινητής τηλεφωνίας :   |b πτυχιακή εργασία /   |c του Θεόδωρου Σκούρα ; επιβλέπων καθηγητής Δημοσθένης Βουγιούκας.  
260 |c 2014.  
300 |a 95 σ. :   |b σχέδια, πιν. ;   |c 30 εκ.  
500 |a Μέλη της εξεταστικής επιτροπής: Δ. Βουγιούκας, Χ. Σκιάνης, Ε,. Μαραγκουδάκης.  
502 |a Πτυχιακή εργασία – Πανεπιστήμιο Αιγαίου, Σάμος, 2014. 
504 |a Βιβλιογραφία: σ. 90.  
506 1 |a Διάθεση πλήρους κειμένου ;   |d Ενδοπανεπιστημιακή δημοσίευση.  
520 |a Σκοπός της παρούσας διπλωματικής είναι η Μελέτη και Υλοποίηση Συστήματος Ραδιοεκπομπών από Κεραίες Κινητής Τηλεφωνίας σύμφωνα με την Μελέτη της ΕΕΑΕ: Υπόδειγμα τεχνικής μελέτης ραδιοεκπομπών κεραιών σταθμών βάσης κινητής τηλεφωνίας. Η διπλωματική αποτελείται συνολικά από 6 Κεφάλαια.Στο 1ο κεφάλαιο παρουσιάζονται τα βασικά χαρακτηριστικά των σταθμών βάσης, στην ηλεκτρομαγνητική ακτινοβολία, στις κεραίες και στους τύπους κεραιών κινητής τηλεφωνίας που χρησιμοποιούνται, στους βασικούς μηχανισμούς μετάδοσης των κυμάτων και τα επιμέρους φαινόμενα.Στο 2ο κεφάλαιο θα αναλύσουμε τα Κυψελωτά συστήματα, θα περιγράψουμε τους σταθμούς βάσης και τις Βασικές αρχές τους. Στο 3ο κεφάλαιο θα μιλήσουμε για την Νομοθεσία που ισχύει στην Ευρώπη , στην Ελλάδα και σε άλλες χώρες.Στο 4ο Κεφάλαιο θα μελετήσουμε την Μελέτη της ΕΑΑΕ και τις 3 περιπτώσεις που περιλαμβάνονται: 1)Μεμονωμένος Ιστός , 2)Μεμονωμένες Κατευθυντικές Κεραίες, 3) Ανεξάρτητη Θεώρηση.Στο 5ο Κεφάλαιο θα κάνουμε την περιγραφή της Εφαρμογής που υλοποιήθηκε και στο 6ο Κεφάλαιο θα βγάλουμε κάποια Συμπεράσματα από την εφαρμογή και θα περιγράψουμε την αντίληψη του ευρέος κοινού απέναντι στην ηλεκτρομαγνητική ακτινοβολία , σύμφωνα με μια έρευνα της Ευρωπαϊκής Ένωσης του 2010 «ELECTROMAGNETIC FIELDS, Eurobarometer 73.3» . 
520 |a The purpose of this thesis is to study and implement a System of Radio and Antennas according the study of EEAE: Model technical study of Antennas and Mobile Base Stations. The present thesis divides in 6 Chapters.The main characteristics of base stations are represented in First Chapter. Also antennas and types of antennas used for mobile telephony, the basic mechanisms of wave propagation and individual phenomena are included.In the Second Chapter we will analyze the Cellular Systems. We will describe the base stations and their basic principles.In the Third Chapter we will refer to the legislation which is in force in Europe, in Greece and in other countries.In Chapter 5 we will describe the application which is implemented and in 6th Chapter we will draw some conclusions from the application and we will describe the perception of the general public against the electromagnetic radiation, according to a survey by the European Union in 2010 ELECTROMAGNETIC FIELDS, Eurobarometer 73.3. 
610 2 0 |a University of the Aegean  |x Dissertations. 
650 0 0 |a Mobile communication systems. 
650 0 0 |a Antennas (Electronics) 
650 0 0 |a Wireless communication systems. 
650 0 0 |a Dissertations, Academic  |z Greece. 
700 1 |a Βουγιούκας, Δημοσθένης,  |e dgs 
710 2 |a Πανεπιστήμιο Αιγαίου.   |b Σχολή Θετικών Επιστημών.   |b Τμήμα Μηχανικών Πληροφοριακών και Επικοινωνιακών Συστημάτων. 
852 |a INST  |b SAMOS  |c DIATR  |e 20140619  |h 621.3824 ΣΚΟ  |p 005300036828  |q 005300036828  |t DIE  |y 23 
852 |a INST  |b SAMOS  |c DIATR  |e 20140619  |h 621.3824 ΣΚΟ  |p 005300036829  |q 005300036829  |t DIE  |y 23 
856 |u http://hdl.handle.net/11610/8779 
901 |a BIBL3-2014-2 
909 |a Σ  |b 184980 
909 |a Σ  |b 184981 
924 |a ΣΚΟΥΡΑΣ  |b ΘΕΟΔΩΡΟΣ  |y Σάμος  |z 2014-03 
970 |a ΚΟΣΙΕΡΗΣ  |b ΧΡΗΣΤΟΣ  |z 2014/06/19